000 00694nam a22002057a 4500
003 OSt
005 20260210063341.0
008 260210b |||||||| |||| 00| 0 eng d
020 _a 971-8816-75-5.
040 _aDWC-Admin lib
_cOC
082 _aFil. 282 C737 2004
110 _aCatholic Bishops' Conference of the Philippines
245 _a Compendium of the social doctrine of the church /
_cCatholic Bishops' Conference of the Philippines
260 _a Manila :
_bCBCP,
_cc2004.
300 _a xix, 557 p. ;
_c21 cm.
504 _aIncludes indexes.
650 _a1. Catholic church-Doctrines.
650 _a2. Christian sociology-Catholic church.
942 _2ddc
_cBK - FIL
_hFil.
_n0
999 _c8343
_d8343